000 00680nam a2200241Ia 4500
001 18430
003 GE_BSU
008 181216s||||||||xx |||||||||||||| ||und||
020 _aISBN 9780750683692 (pbk.)
040 _cGE_BSU
080 _a005.9
100 _aYarnall, Jane.
245 _astrategic career management
245 _bdeveloping your talent
260 _aAmsterdam ; Boston
260 _bElsevier
260 _c2008
300 _axvii, 246 p, ill,23 cm.
653 _astrategic career management
653 _aკარიერული განვითარება
653 _aორგანიზაციის მართვა
942 _cBK
999 _c51444
_d51444